Znani ludzie według inicjałów - imiona na "E" - Statystyki

Ogólne statystyki
  • Ten quiz został rozwiązany 224 razy
  • Średni wynik to 11 z 20
Statystyki odpowiedzi
Inicjały Kim jest ta osoba? Odpowiedź % Poprawnych
EF Polsko-czeska piosenkarka, znana m.in. z piosenek "Cicho" i "Bez łez" Ewa Farna
83%
EO Polska pisarka, autorka m.in. powieści "Nad Niemnem" i zbioru "Gloria victis" Eliza Orzeszkowa
81%
EP Amerykański muzyk, znany jako "Król Rock and Rolla" Elvis Presley
80%
EH Amerykański pisarz, twórca m.in. powieści "Komu bije dzwon" i "Stary człowiek i morze" Ernest Hemingway
80%
EJ Brytyjski piosenkarz, znany dzięki piosenkom takim jak "I'm Still Standing" czy "Can You Feel the Love Tonight" Elton John
79%
EM Amerykański przedsiębiorca, założyciel firm SpaceX, PayPal i Tesla Elon Musk
73%
EW Angielska aktorka, odtwórczyni roli Hermiony w serii filmów o Harrym Potterze Emma Watson
72%
EI Hiszpański muzyk, jeden z najbardziej znanych przedstawicieli latynoskiego popu, znany z piosenek "Heartbeat" i "Tonight" Enrique Iglesias
72%
ED Polska dziennikarka, przez 16 lat prowadziła "Rozmowy w toku" Ewa Drzyzga
69%
ES Angielski muzyk, znany z piosenek "I See Fire" czy "Thinking Out Loud" Ed Sheeran
66%
EG Angielska piosenkarka, znana m.in. z piosenek "Love Me Like You Do" i "Burn" Ellie Goulding
61%
EC Angielski muzyk, gitarzysta i wokalista, członek wielu zespołów rockowych, uznawany za jednego z najlepszych gitarzystów wszech czasów Eric Clapton
49%
ER Feldmarszałek III Rzeszy, przywódca Afrika Korps Erwin Rommel
48%
EA Togijski piłkarz, w swojej karierze grał m.in. w Arsenalu, Realu Madryt i Tottenhamie Emmanuel Adebayor
38%
ET Amerykańska aktorka, odtwórczyni tytułowej roli w "Kleopatrze", zdobywczyni dwóch Oscarów Elizabeth Taylor
37%
EN Polski malarz i wykładowca, zabójca pierwszego prezydenta RP Gabriela Narutowicza Eligiusz Niewiadomski
34%
EE Brytyjski skoczek narciarski, powszechnie uważany za najgorszego zawodnika w historii dyscypliny Eddie Edwards
27%
EL Amerykańska aktorka i modelka, znana z serialu "Gotowe na wszystko" i komedii "Nawiedzona narzeczona" Eva Longoria
21%
EB Amerykańska aktorka i reżyserka, odtwórczyni m.in. roli Effie Trinket w "Igrzyskach śmierci" Elizabeth Banks
5%
EK Amerykańska piosenkarka i aktorka, odgrywała rolę Beth Greene w "The Walking Dead" Emily Kinney
2%
Nie znaleziono quizów pasujących do podanych kryteriów
Rozkład punktacji
Procent ludzi z każdym wynikiem
Percentyl według liczby udzielonych odpowiedzi
Twoja historia wyników
Nie rozwiązałeś tego quizu